000 00745nam a2200253Ia 4500
003 OSt
005 20220925221827.0
006 a|||||r|||| 00| 0
007 ta
008 220923b |||||||| |||| 00| 0 eng d
020 _a0198771347
037 _cGeneral Book
040 _aRTL
_cRTL
_beng
041 _2eng
_aeng
082 _aX72:6.3.N7, M0
100 _aBrown C V
245 0 _aTaxation and the incentive to work
260 _aLondon
_bO U P UK
_c1980
300 _aiv,122p. Bib p. 188-20
_ccm.
490 _aGreat Britain, Employment And Social Affairs (B/G-), European Communities (Commission of), Report
650 _aTax
942 _hX72:6.3.N7, M0
_cGB
_2CC
999 _c575418
_d575418